[Event "chess.com SpeedChess Q2Sw"]
[Site "chess.com INT"]
[Date "2022.11.12"]
[Round "14"]
[White "Stoyanov, Tsvetan"]
[Black "Manukian, Artak"]
[Result "1-0"]
[WhiteTitle "IM"]
[WhiteElo "2456"]
[BlackElo "2196"]
[WhiteFideId "2917173"]
[BlackFideId "13301373"]
[EventDate "2022.11.12"]

1. e4 c6 2. c4 d5 3. cxd5 cxd5 4. exd5 Nf6 5. Bb5+ Nbd7 6. Nf3 g6 7. O-O Bg7 8.
d6 e6 9. d4 O-O 10. Nc3 Nb6 11. Bf4 a6 12. Be2 Nfd5 13. Be5 f6 14. Bg3 Bd7 15.
Ne4 Bc6 16. Nc5 Nd7 17. Nxe6 Qb6 18. Nxf8 Bxf8 19. Bc4 Qxb2 20. Qb3 Qxb3 21.
Bxb3 a5 22. a4 Bh6 23. Rfe1 Nb6 24. Re6 Kf8 25. Rae1 Bd7 26. R6e2 Rc8 27. Rb2
Bc1 28. Rc2 Rxc2 29. Bxc2 Ba3 30. Ra1 Bb4 31. Bb3 Nc3 32. Re1 Nbd5 33. Ra1 Ne2+
34. Kf1 Ndc3 35. Nd2 Nxd4 36. Bc4 Nf5 37. Nb3 Nxa4 38. Bf4 b6 39. g4 Ng7 40. Bh6
Bxd6 41. Rd1 Ke7 42. Bxg7 b5 43. Bxf6+ Kxf6 44. Rxd6+ Ke7 45. Rxd7+ Kxd7 46.
Bxb5+ Kd6 47. Bxa4 1-0

[Event "chess.com SpeedChess Q2Sw"]
[Site "chess.com INT"]
[Date "2022.11.12"]
[Round "14"]
[White "Dehtiarov, Roman"]
[Black "Novik, Maxim"]
[Result "1-0"]
[WhiteTitle "FM"]
[BlackTitle "GM"]
[WhiteElo "2300"]
[BlackElo "2412"]
[WhiteFideId "14186640"]
[BlackFideId "4102924"]
[EventDate "2022.11.12"]

1. e4 c6 2. Nc3 d5 3. Nf3 dxe4 4. Nxe4 Nf6 5. Qe2 Nxe4 6. Qxe4 Nd7 7. Bc4 Nf6 8.
Ne5 e6 9. Qe2 b5 10. Bb3 Qc7 11. c3 Bd6 12. d4 a6 13. O-O Bb7 14. a4 O-O 15. Bf4
b4 16. Bg3 c5 17. dxc5 Qxc5 18. Nxf7 Qc6 19. f3 Bc5+ 20. Kh1 Rxf7 21. Bxe6 Re8
22. Bxf7+ Kxf7 23. Qc4+ Qd5 24. Qf4 bxc3 25. Rad1 Qc6 26. bxc3 Kg8 27. Rfe1 Rf8
28. Qc4+ Kh8 29. Rd3 h6 30. Re6 Qc8 31. Re1 a5 32. Qb3 Ba6 33. Rd2 Nh5 34. Bf2
Bxf2 35. Rxf2 Nf4 36. Rd2 Bc4 37. Qb6 Nd3 38. Red1 Rd8 39. h3 Nf2+ 40. Qxf2 Rf8
41. Qd4 Qc7 42. Qd6 Qb7 43. Qxf8+ Kh7 44. Qf5+ Kh8 45. Rd8+ Bg8 46. Rxg8+ Kxg8
47. Rd8# 1-0

[Event "chess.com SpeedChess Q2Sw"]
[Site "chess.com INT"]
[Date "2022.11.12"]
[Round "14"]
[White "Kollars, Dmitrij"]
[Black "Fedoseev, Vladimir3"]
[Result "0-1"]
[WhiteTitle "GM"]
[BlackTitle "GM"]
[WhiteElo "2611"]
[BlackElo "2688"]
[WhiteFideId "12909572"]
[BlackFideId "24130737"]
[EventDate "2022.11.12"]

1. e4 c5 2. Nf3 d6 3. d4 cxd4 4. Nxd4 Nf6 5. Nc3 a6 6. f4 Qc7 7. Be3 g6 8. Qd2
Bg7 9. O-O-O Nbd7 10. Be2 b5 11. Bf3 Bb7 12. Kb1 b4 13. Nd5 Nxd5 14. exd5 a5 15.
Nc6 Nb8 16. Bd4 Bxd4 17. Qxd4 O-O 18. Nxb8 Raxb8 19. h4 Bc8 20. h5 Bf5 21. Be4
b3 22. axb3 Rb4 23. c4 Rxb3 24. Bxf5 gxf5 25. Rh3 Rfb8 26. Rxb3 Rxb3 27. h6 f6
28. Rd3 Rb4 29. Rc3 Kf7 30. Qd3 Qd7 31. Qg3 Qa4 32. Qg7+ Ke8 33. Qg8+ Kd7 34.
Qe6+ Kd8 35. Qe2 Qd7 36. Qd3 Qc8 37. g4 Qb7 38. Rc2 Qb6 39. Qxf5 Qg1+ 40. Rc1
Qf2 41. Qc2 Qd4 42. g5 Qxf4 43. g6 hxg6 44. Qxg6 Qd2 45. Qc2 Qxh6 46. Qc3 Qf4
47. c5 Qe4+ 48. Rc2 Qh1+ 49. Rc1 Qe4+ 50. Rc2 dxc5 51. Qxc5 Ke8 0-1

[Event "chess.com SpeedChess Q2Sw"]
[Site "chess.com INT"]
[Date "2022.11.12"]
[Round "14"]
[White "Indjic, Aleksandar"]
[Black "Svane, Rasmus"]
[Result "1-0"]
[WhiteTitle "GM"]
[BlackTitle "GM"]
[WhiteElo "2631"]
[BlackElo "2619"]
[WhiteFideId "911925"]
[BlackFideId "4657101"]
[EventDate "2022.11.12"]

1. d4 Nf6 2. c4 e6 3. Nc3 d5 4. Nf3 a6 5. cxd5 exd5 6. Bg5 Be6 7. Bxf6 Qxf6 8.
Qb3 Ra7 9. g3 Bd6 10. h4 Nd7 11. Bh3 c6 12. O-O-O O-O 13. Qc2 h6 14. Kb1 Re8 15.
Bxe6 Rxe6 16. g4 Qg6 17. Qxg6 fxg6 18. g5 h5 19. e3 Ra8 20. Ne1 Bb4 21. Ne2 Bxe1
22. Rdxe1 Kf7 23. Nf4 Re7 24. Nd3 Rae8 25. Kc2 a5 26. Kd2 Re4 27. a4 R4e7 28.
Rb1 Kg8 29. b4 Nb6 30. bxa5 Nc4+ 31. Ke2 Ra8 32. Rb4 Rxa5 33. Rhb1 b6 34. Nb2 b5
35. axb5 cxb5 36. Nxc4 bxc4 37. Rb8+ Kf7 38. Kf3 Rc7 39. R1b7 Ra7 40. Rxa7 Rxa7
41. Rc8 Re7 42. Kf4 Re4+ 43. Kg3 Rg4+ 44. Kh3 Rg1 45. Rc7+ Kf8 46. Rc5 Rc1 47.
Rxd5 c3 48. Rc5 c2 49. Kg2 Ke7 50. Kf3 Kd6 51. Ke4 Rh1 52. Rxc2 Rxh4+ 53. f4 Rg4
54. Ra2 h4 55. Ra6+ Ke7 56. Ke5 Kf7 57. d5 h3 58. Ra7+ Kg8 59. Ra8+ Kf7 60. Rh8
Rg3 61. Kd4 Ke7 62. e4 Rf3 63. Ke5 Kf7 64. d6 Rd3 65. f5 gxf5 66. exf5 Re3+ 67.
Kf4 Rd3 68. g6+ Kf6 69. Rf8# 1-0

[Event "chess.com SpeedChess Q2Sw"]
[Site "chess.com INT"]
[Date "2022.11.12"]
[Round "14"]
[White "Eynullayev, Altay"]
[Black "Yuan, Qingyu"]
[Result "0-1"]
[WhiteTitle "FM"]
[WhiteElo "2214"]
[BlackElo "2373"]
[WhiteFideId "13413562"]
[BlackFideId "8609772"]
[EventDate "2022.11.12"]

1. e4 c6 2. d4 d5 3. e5 c5 4. dxc5 e6 5. Nf3 Bxc5 6. a3 f6 7. b4 Be7 8. Bb2 a5
9. b5 Nd7 10. Nbd2 Nh6 11. Bd3 Nf7 12. exf6 Bxf6 13. Bxf6 Qxf6 14. c4 Nc5 15.
Bc2 a4 16. cxd5 exd5 17. O-O O-O 18. Rb1 b6 19. Rb4 Bf5 20. Nd4 Bd3 21. Re1 Nd6
22. N2f3 Bxc2 23. Qxc2 Nc4 24. Rd1 Nxa3 25. Qa2 Nc4 26. Ne2 Rad8 27. h3 Kh8 28.
Ned4 h6 29. Re1 Nd3 30. Re6 Nxb4 31. Qxa4 Qf4 32. Qxb4 Rde8 33. Re7 Qf6 34. Rxe8
Rxe8 35. g3 Re4 36. Qc3 Kh7 37. Kg2 Kh8 38. Qd3 Ne5 39. Nxe5 Qxe5 40. Nf3 Qe6
41. Qc2 Rc4 42. Qd3 Qe4 43. Qd2 Rc5 44. Qd1 Rc3 45. g4 Rd3 46. Kg3 Rxd1 0-1

[Event "chess.com SpeedChess Q2Sw"]
[Site "chess.com INT"]
[Date "2022.11.12"]
[Round "14"]
[White "Costello, Alexander"]
[Black "Mikhailov, Viacheslav"]
[Result "1-0"]
[WhiteTitle "IM"]
[BlackTitle "IM"]
[WhiteElo "2224"]
[BlackElo "2428"]
[WhiteFideId "2099659"]
[BlackFideId "4187369"]
[EventDate "2022.11.12"]

1. e4 c5 2. Nf3 Nc6 3. Bb5 g6 4. O-O Bg7 5. Nc3 d6 6. d4 cxd4 7. Nxd4 Bd7 8.
Bxc6 bxc6 9. Be3 Nf6 10. f3 O-O 11. Qd2 Rb8 12. Rab1 Qc7 13. Rfd1 c5 14. Nde2
Be6 15. b3 Nd7 16. Nf4 Nb6 17. a4 Qb7 18. a5 Nd7 19. Ncd5 Bxd5 20. Nxd5 Nf6 21.
Bh6 Nxd5 22. Bxg7 Kxg7 23. exd5 Rfe8 24. Re1 Qb4 25. Rbd1 Qxd2 26. Rxd2 Rb5 27.
Ra1 Rb4 28. Kf2 Kf6 29. Re2 Rd4 30. c4 Rb8 31. Rae1 Rxb3 32. Rxe7 Rb2+ 33. Kg3
Rdd2 34. Rd7 Rxg2+ 35. Kf4 Rxh2 36. Rxd6+ Kg7 37. Rc6 Rh4+ 38. Ke5 Rxc4 39. Rd1
Re2+ 40. Kd6 Rd4 41. Rxd4 cxd4 42. Rc4 d3 43. Rd4 d2 44. Kc7 Kf6 45. d6 Ke5 46.
Rd3 d1=Q 47. Rxd1 Rc2+ 48. Kb7 Rb2+ 49. Kxa7 1-0

[Event "chess.com SpeedChess Q2Sw"]
[Site "chess.com INT"]
[Date "2022.11.12"]
[Round "14"]
[White "Matamoros Franco, Carlos S."]
[Black "Aarav, Dengla"]
[Result "1-0"]
[WhiteTitle "GM"]
[BlackTitle "FM"]
[WhiteElo "2451"]
[BlackElo "2357"]
[WhiteFideId "3600017"]
[BlackFideId "45059756"]
[EventDate "2022.11.12"]

1. c4 e6 2. g3 d5 3. Bg2 Nf6 4. Nf3 Be7 5. O-O c5 6. cxd5 exd5 7. d4 c4 8. Nc3
Nc6 9. Ne5 O-O 10. Bf4 Be6 11. Nxc4 dxc4 12. d5 Nxd5 13. Nxd5 Rc8 14. Nxe7+ Qxe7
15. Bd6 Qf6 16. Bxf8 Kxf8 17. Qd6+ Qe7 18. Rfd1 Qxd6 19. Rxd6 Ke7 20. Rad1 Na5
21. f4 c3 22. bxc3 Rxc3 23. R1d2 Nc4 24. R6d3 Rc1+ 25. Rd1 Rc2 26. Bd5 Nb2 27.
Bxe6 fxe6 28. Rd7+ Kf6 29. R1d2 Rxd2 30. Rxd2 Nc4 31. Rd4 b5 32. Rd7 a5 33. Rc7
Na3 34. Kf2 b4 35. g4 h6 36. h4 g5 37. fxg5+ hxg5 38. h5 Nb5 39. Rc5 Nc3 40.
Rxa5 Ne4+ 41. Kg2 Nc3 42. Ra7 Nxe2 43. h6 Nf4+ 44. Kf3 Nd3 45. h7 Ne5+ 46. Kg3
Ng6 47. Rb7 Nh8 48. Rxb4 Kg7 49. Rb7+ Kg6 50. a4 Kh6 51. a5 e5 52. a6 e4 53. a7
e3 54. a8=Q e2 55. Qa6+ 1-0

[Event "chess.com SpeedChess Q2Sw"]
[Site "chess.com INT"]
[Date "2022.11.12"]
[Round "14"]
[White "Yu, Yangyi"]
[Black "Lazavik, Denis"]
[Result "0-1"]
[WhiteTitle "GM"]
[BlackTitle "IM"]
[WhiteElo "2716"]
[BlackElo "2529"]
[WhiteFideId "8603820"]
[BlackFideId "13515110"]
[EventDate "2022.11.12"]

1. e4 c5 2. Nf3 e6 3. d4 cxd4 4. Nxd4 Nc6 5. Nc3 Qc7 6. Be2 Nf6 7. O-O a6 8. Be3
Be7 9. f4 d6 10. a4 O-O 11. Kh1 Nxd4 12. Bxd4 e5 13. Be3 exf4 14. Rxf4 Be6 15.
Nd5 Bxd5 16. exd5 Nd7 17. a5 Bf6 18. Bd3 g6 19. c3 Bg7 20. Bd4 Ne5 21. Rf1 Rae8
22. Be2 Re7 23. b4 Rfe8 24. Ra2 Nd7 25. Bxg7 Kxg7 26. Qd4+ Kg8 27. Bd3 Ne5 28.
Raf2 f5 29. Be2 Nd7 30. Bd3 Re5 31. c4 Nf6 32. Rf3 Kg7 33. h3 Qe7 34. Kg1 Nd7
35. R3f2 Kg8 36. Bc2 Re3 37. Ba4 Re4 38. Qa7 Rxc4 39. Qxb7 Ne5 40. Qxa6 Rb8 41.
Bc6 Rcxb4 42. Qe2 Qa7 43. a6 Rb2 44. Qd1 Qxa6 45. Rxb2 Rxb2 46. Qd4 Qa2 47. Rf2
Rxf2 48. Qxf2 Qxf2+ 49. Kxf2 Kg7 50. Ke3 Kf6 51. Bb5 g5 52. g3 Ng6 53. Bd3 Ke5
54. Bb1 Ne7 55. Kf3 h6 56. h4 Nxd5 57. hxg5 hxg5 58. Ba2 Nf6 59. Ke3 g4 60. Bb1
Ne4 0-1

[Event "chess.com SpeedChess Q2Sw"]
[Site "chess.com INT"]
[Date "2022.11.12"]
[Round "14"]
[White "Sanchez, Robert"]
[Black "Ljukin, Sergei"]
[Result "1-0"]
[BlackTitle "FM"]
[WhiteElo "1971"]
[BlackElo "2362"]
[WhiteFideId "2034360"]
[BlackFideId "14102200"]
[EventDate "2022.11.12"]

1. e4 e6 2. d4 d5 3. Nd2 Nf6 4. e5 Nfd7 5. Bd3 c5 6. c3 Nc6 7. Ne2 cxd4 8. cxd4
f6 9. exf6 Qxf6 10. Nf3 h6 11. Be3 Bd6 12. h3 O-O 13. O-O Rd8 14. Qb3 Nf8 15.
Rfe1 Rb8 16. Rac1 Bd7 17. Nc3 a6 18. Na4 Be8 19. Nc5 Bh5 20. Nd2 Nxd4 21. Bxd4
Qxd4 22. Nxe6 Nxe6 23. Rxe6 Bf4 24. Rc2 Bd1 25. Nf3 Bxf3 26. gxf3 Bd6 27. Rg6
Kh8 28. Rg4 Qe5 29. f4 Qf6 30. Qxd5 Bxf4 31. Qe4 Rxd3 32. Qxd3 Rd8 33. Rxf4 Rxd3
34. Rxf6 gxf6 35. Rc8+ Kg7 36. Rc7+ Kg6 37. Rxb7 Rd6 38. b4 h5 39. Kg2 h4 40. a4
Kg5 41. a5 Kf4 42. Rb6 Rd4 43. Rxf6+ Kg5 44. Rxa6 Rxb4 45. Rb6 Ra4 46. a6 Ra3
47. Rc6 Kf5 48. Kf1 Kf4 49. Ke1 Ra2 50. Kd1 Kf3 51. Rf6+ Kg2 52. Kc1 Kxh3 53.
Kb1 Kg2 54. Kxa2 h3 55. Rh6 h2 56. Rxh2+ 1-0

[Event "chess.com SpeedChess Q2Sw"]
[Site "chess.com INT"]
[Date "2022.11.12"]
[Round "14"]
[White "Ezat, Mohamed"]
[Black "Ankerst, Mihael"]
[Result "1-0"]
[WhiteTitle "IM"]
[BlackTitle "FM"]
[WhiteElo "2404"]
[BlackElo "2370"]
[WhiteFideId "10600906"]
[BlackFideId "14602369"]
[EventDate "2022.11.12"]

1. e4 c5 2. d4 cxd4 3. c3 dxc3 4. Nxc3 e6 5. Nf3 d6 6. Bc4 a6 7. O-O b5 8. Bb3
Ra7 9. Qe2 Be7 10. Bf4 Nf6 11. Rfd1 Rd7 12. e5 dxe5 13. Nxe5 Rxd1+ 14. Rxd1 Qb6
15. a4 O-O 16. axb5 axb5 17. Qxb5 Nbd7 18. Nc6 Bc5 19. Qxb6 Nxb6 20. Bd6 Bxd6
21. Rxd6 Nbd7 22. g4 h6 23. h4 g5 24. f4 Nc5 25. Bc2 gxf4 26. g5 hxg5 27. hxg5
Nh5 28. Ne7+ Kg7 29. Rc6 Bb7 30. Rxc5 Re8 31. Rc7 Bf3 32. g6 Kf8 33. Nf5 exf5
34. Rxf7+ Kg8 35. Bb3 Ng7 36. Rxf5+ Kh8 37. Rxf4 Bh5 38. Bf7 Re5 39. Ne4 Ne6 40.
Bxe6 Rxe6 41. Rh4 Rxe4 42. Rxe4 Bxg6 43. Rg4 Bd3 44. b4 Be2 45. Rg3 Bb5 46. Kf2
Kh7 47. Ke3 Kh6 48. Kd4 Ba4 49. Kc5 Bd7 50. b5 Bc8 51. b6 Ba6 52. Kc6 Kh5 53.
Ra3 Bc8 54. Kc7 Bf5 55. b7 Kg5 56. b8=Q Kf4 57. Qf8 Ke4 58. Ra4+ Ke5 59. Qd6# 1-0

[Event "chess.com SpeedChess Q2Sw"]
[Site "chess.com INT"]
[Date "2022.11.12"]
[Round "14"]
[White "Mikaelyan, Arman"]
[Black "Baskakov, Egor"]
[Result "0-1"]
[WhiteTitle "GM"]
[BlackTitle "CM"]
[WhiteElo "2556"]
[BlackElo "2215"]
[WhiteFideId "13304852"]
[BlackFideId "24197866"]
[EventDate "2022.11.12"]

1. d4 Nf6 2. Bg5 e6 3. e4 Be7 4. e5 Nd5 5. Bxe7 Nxe7 6. Nd2 d6 7. Ngf3 c5 8.
exd6 Qxd6 9. Ne4 Qb6 10. dxc5 Qb4+ 11. Nfd2 O-O 12. c3 Qxb2 13. Rb1 Qxa2 14. Bd3
Qd5 15. Bc2 Na6 16. O-O Rd8 17. Bb3 Qc6 18. Qh5 h6 19. Nd6 g6 20. Qxh6 Nxc5 21.
Nxf7 Kxf7 22. Nf3 Qc7 23. Rbd1 Bd7 24. Ng5+ Kf6 25. Nh7+ Kf7 26. Ng5+ Kf6 27.
Qh4 Kg7 28. Qd4+ e5 29. Qc4 Be8 30. Qxc5 Qxc5 31. Ne6+ Kf6 32. Nxc5 Rxd1 33.
Rxd1 Bc6 34. Rd6+ Kg7 35. Ne6+ Kh6 36. h4 Nf5 37. Rd2 Nxh4 38. Nc5 Bxg2 39. Bd5
Rd8 40. c4 Nf3+ 41. Bxf3 Rxd2 42. Kxg2 b6 43. Ne6 a5 44. Bd5 a4 45. c5 Rxd5 46.
c6 Rd2 47. Nc5 Rc2 48. Nxa4 Rxc6 49. Nb2 b5 50. Nd3 e4 51. Nb4 Rc4 52. Nd5 b4
53. Nb6 Rc2 54. Nd5 b3 55. Ne3 Rc8 56. Nd5 b2 57. Nb6 Rc1 58. Nd5 b1=Q 59. Ne3
Rg1+ 60. Kh3 Qe1 61. Ng4+ Kg5 62. Nh2 Qxf2 63. Nf3+ Qxf3+ 64. Kh2 Qg2# 0-1

[Event "chess.com SpeedChess Q2Sw"]
[Site "chess.com INT"]
[Date "2022.11.12"]
[Round "14"]
[White "Prohorov, Olexandr"]
[Black "Chernov, Mikhail"]
[Result "0-1"]
[BlackTitle "FM"]
[WhiteElo "2086"]
[BlackElo "2213"]
[WhiteFideId "14105578"]
[BlackFideId "24143170"]
[EventDate "2022.11.12"]

1. Nf3 c5 2. e4 Nc6 3. c3 Nf6 4. e5 Nd5 5. g3 d6 6. exd6 Qxd6 7. Bg2 g6 8. O-O
Bg7 9. Na3 O-O 10. Nc4 Qd8 11. d4 cxd4 12. Nxd4 Nxd4 13. cxd4 e6 14. Ne3 Ne7 15.
d5 exd5 16. Nxd5 Nxd5 17. Qxd5 Qxd5 18. Bxd5 Bh3 19. Re1 Rad8 20. Bxb7 Rb8 21.
Bg2 Bxg2 22. Kxg2 Bxb2 23. Rb1 Bd4 24. Bf4 Rxb1 25. Rxb1 Rc8 26. Rd1 Bb6 27. Rd2
Kg7 28. Be5+ Kh6 29. f4 Rc6 30. g4 Bc7 31. Bxc7 Rxc7 32. Kf3 Kg7 33. h4 f6 34.
Ke4 Kf7 35. Rd8 Rc4+ 36. Ke3 Ra4 37. Rd7+ Kg8 38. Rd8+ Kg7 39. Rd7+ Kh6 40. g5+
fxg5 41. hxg5+ Kh5 42. Rxh7+ Kg4 43. Rh2 Rxf4 44. Rg2+ Kf5 45. Rg1 Rg4 46. Rf1+
Kxg5 47. Rf7 Ra4 48. Rf2 Kg4 49. Rg2+ Kf5 50. Rf2+ Ke5 51. Rg2 Ra3+ 52. Kf2
Rxa2+ 53. Kg1 Rxg2+ 54. Kxg2 a5 55. Kg3 a4 56. Kg4 a3 57. Kg5 a2 58. Kxg6 a1=Q
59. Kf7 Qg1 60. Ke7 Qg7+ 61. Kd8 Kd6 62. Kc8 Qc7# 0-1

[Event "chess.com SpeedChess Q2Sw"]
[Site "chess.com INT"]
[Date "2022.11.12"]
[Round "14"]
[White "Klukin, Kirill"]
[Black "Kopylov, Alexander A."]
[Result "1-0"]
[WhiteTitle "IM"]
[BlackTitle "IM"]
[WhiteElo "2390"]
[BlackElo "2397"]
[WhiteFideId "24199273"]
[BlackFideId "4164857"]
[EventDate "2022.11.12"]

1. d4 Nf6 2. Nf3 e6 3. e3 c5 4. Bd3 b6 5. O-O Bb7 6. c4 cxd4 7. exd4 d6 8. Nc3
Be7 9. b3 O-O 10. Bb2 a6 11. d5 e5 12. Re1 Nbd7 13. Bc2 Rc8 14. Nd2 g6 15. a4 a5
16. Ba3 Nc5 17. Qe2 Nh5 18. Nde4 f5 19. Nxc5 bxc5 20. Nb5 Ra8 21. Bb2 Bc8 22.
Bc3 Rf7 23. Rad1 Bf8 24. Qd2 Nf4 25. g3 Nh3+ 26. Kg2 f4 27. f3 fxg3 28. hxg3 Ng5
29. Be4 Qd7 30. Qxg5 Qh3+ 31. Kg1 Be7 32. Qd2 Qxg3+ 33. Qg2 Qh4 34. Bd2 Bh3 35.
Qh2 Raf8 36. Kh1 Rxf3 37. Bxf3 Rxf3 38. Re2 Rxb3 39. Rg1 Qh5 40. Nc3 Bg4 41.
Qxh5 Bxh5 42. Rf2 Bh4 43. Rff1 Rb2 44. Ne4 Be2 45. Re1 Bf3+ 46. Kh2 Bxe4 47.
Rxe4 Rxd2+ 48. Rg2 Rxg2+ 49. Kxg2 Bf6 50. Re2 g5 51. Rb2 e4 52. Rb5 Bc3 53. Rb6
g4 54. Rxd6 e3 55. Re6 Bd2 56. d6 Kf7 57. Re4 Bc3 58. d7 Bf6 59. Rxe3 Bd8 60.
Re8 Bc7 61. d8=Q Bxd8 62. Rxd8 Ke6 63. Rd5 1-0

[Event "chess.com SpeedChess Q2Sw"]
[Site "chess.com INT"]
[Date "2022.11.12"]
[Round "14"]
[White "Grycel, Kamil"]
[Black "Srihari, L R"]
[Result "1-0"]
[WhiteTitle "FM"]
[BlackTitle "IM"]
[WhiteElo "2315"]
[BlackElo "2436"]
[WhiteFideId "1115499"]
[BlackFideId "46617116"]
[EventDate "2022.11.12"]

1. b3 g6 2. Bb2 Nf6 3. Bxf6 exf6 4. c4 Bg7 5. Nc3 f5 6. Rc1 O-O 7. Nf3 Re8 8. g3
b6 9. Bg2 Bb7 10. O-O Nc6 11. d4 d6 12. e3 Rb8 13. Ne2 a6 14. Nf4 Ne7 15. d5 h6
16. h4 Kh8 17. Qc2 Bc8 18. Rfd1 Bd7 19. b4 Ng8 20. Nd4 Nf6 21. c5 bxc5 22. bxc5
dxc5 23. Qxc5 Ba4 24. Nc6 Bxc6 25. Qxc6 Re7 26. d6 cxd6 27. Rxd6 Rd7 28. Rxd7
Qxd7 29. Qxd7 Nxd7 30. Bd5 Ne5 31. Rc7 Kg8 32. Ra7 Rb6 33. a4 Rd6 34. Bb7 g5 35.
hxg5 hxg5 36. Nd5 Rd7 37. Kg2 Kh7 38. Nb6 Rc7 39. Nd5 Rd7 40. Nb6 Rd2 41. Bxa6
Ng4 42. Nc4 Rxf2+ 43. Kg1 Ra2 44. Bb5 Kg6 45. Ra6+ Kh7 46. Ra7 Kg6 47. Ra6+ Bf6
48. Rc6 Kg7 49. a5 Nxe3 50. a6 Nxc4 51. Bxc4 Bd4+ 52. Kf1 g4 53. Rc7 Kg6 54.
Bxa2 Be5 55. Rb7 Bxg3 56. a7 1-0

[Event "chess.com SpeedChess Q2Sw"]
[Site "chess.com INT"]
[Date "2022.11.12"]
[Round "14"]
[White "Zhigalko, Sergei"]
[Black "Erdogdu, Mert"]
[Result "1-0"]
[WhiteTitle "GM"]
[BlackTitle "GM"]
[WhiteElo "2572"]
[BlackElo "2413"]
[WhiteFideId "13502956"]
[BlackFideId "6301495"]
[EventDate "2022.11.12"]

1. e4 c5 2. Nf3 d6 3. Bb5+ Nc6 4. O-O Bd7 5. Re1 Nf6 6. c3 a6 7. Ba4 b5 8. Bc2
Bg4 9. h3 Bh5 10. d3 e6 11. Nbd2 Be7 12. Nf1 d5 13. Ng3 Bg6 14. Qe2 O-O 15. Bf4
c4 16. Rad1 cxd3 17. Bxd3 dxe4 18. Nxe4 Qb6 19. Nxf6+ Bxf6 20. Bxg6 hxg6 21. Rd7
Ne7 22. Bd6 Qc6 23. Bxe7 Qxd7 24. Bxf8 Rxf8 25. Rd1 Qc7 26. g3 Rc8 27. Qe4 a5
28. a3 Rb8 29. Kg2 b4 30. axb4 axb4 31. cxb4 Qb6 32. b3 Rc8 33. Rb1 Rc3 34. h4
Kh7 35. Ng5+ Bxg5 36. hxg5 Qc6 37. Rh1+ Kg8 38. Rh4 Qxe4+ 39. Rxe4 Rxb3 40. Rc4
Kf8 41. Rd4 Ke7 42. Rf4 e5 43. Rc4 Ke6 44. Rc6+ Ke7 45. Rc7+ Ke6 46. Rb7 f5 47.
Rxg7 Rxb4 48. Rxg6+ Ke7 49. Rf6 f4 50. gxf4 exf4 51. Kf3 Rb2 52. Rxf4 Ke6 53.
Kg4 Rb1 54. Rf6+ Ke7 55. f4 Rg1+ 56. Kf5 Ra1 57. Re6+ Kf7 58. Re5 Ra6 59. Rb5
Ra7 60. g6+ Kg7 61. Kg5 Re7 62. f5 Rd7 63. f6+ 1-0

[Event "chess.com SpeedChess Q2Sw"]
[Site "chess.com INT"]
[Date "2022.11.12"]
[Round "14"]
[White "Gabrielian, Artur"]
[Black "Urazayev, Arystanbek"]
[Result "1/2-1/2"]
[WhiteTitle "GM"]
[BlackTitle "IM"]
[WhiteElo "2460"]
[BlackElo "2458"]
[WhiteFideId "4131002"]
[BlackFideId "13709810"]
[EventDate "2022.11.12"]

1. e4 c6 2. d4 d5 3. e5 c5 4. Nf3 cxd4 5. Qxd4 Nc6 6. Qf4 e6 7. Bd3 Nb4 8. O-O
Nxd3 9. cxd3 Ne7 10. Nc3 Ng6 11. Qg3 Be7 12. Bg5 Bxg5 13. Nxg5 O-O 14. Rae1 Bd7
15. h4 h6 16. Nf3 Qb6 17. Re2 Ne7 18. Qf4 Rac8 19. h5 a5 20. Nd4 Nc6 21. Nxc6
bxc6 22. Na4 Qb5 23. Re3 c5 24. b3 Qb4 25. Qxb4 axb4 26. Nb6 Rc7 27. Nxd7 Rxd7
28. Rc1 Rc8 29. Re2 Rdc7 30. Rec2 f6 31. f4 Kf7 32. Kf2 Ke7 33. Ke3 Kf7 34. g4
g6 35. hxg6+ Kxg6 36. exf6 Kxf6 37. Rh2 Kg7 38. Rch1 c4 39. dxc4 dxc4 40. Rxh6
c3 41. Rh7+ Kg8 42. Rh8+ Kg7 43. R8h7+ Kg8 44. Rxc7 Rxc7 45. Ke4 Rc5 46. Kd4 Ra5
47. a4 bxa3 48. Kxc3 Kf7 49. b4 Ra8 50. b5 a2 51. Ra1 Ke7 52. Kb3 Rb8 53. Kb4
Ra8 54. g5 Kf7 55. b6 Ke7 56. Kb5 Ra3 57. b7 Kd7 58. Kb6 Rb3+ 59. Ka7 Ra3+ 60.
Kb8 Ke7 61. g6 Kf6 62. Kc7 Rc3+ 63. Kd7 Rd3+ 64. Kc6 Rc3+ 65. Kb6 Rb3+ 66. Ka7
Ra3+ 67. Kb6 Rb3+ 68. Kc6 Rc3+ 69. Kd6 Rd3+ 70. Kc5 Rb3 71. Kc6 Rc3+ 1/2-1/2

[Event "chess.com SpeedChess Q2Sw"]
[Site "chess.com INT"]
[Date "2022.11.12"]
[Round "14"]
[White "Fernandez Guillen, Ernesto J."]
[Black "Han, Yichen"]
[Result "0-1"]
[WhiteTitle "IM"]
[BlackTitle "FM"]
[WhiteElo "2462"]
[BlackElo "2423"]
[WhiteFideId "3512428"]
[BlackFideId "1054430"]
[EventDate "2022.11.12"]

1. e4 c5 2. Nf3 Nc6 3. d4 cxd4 4. Nxd4 Nf6 5. Nc3 e5 6. Ndb5 d6 7. Bg5 a6 8. Na3
b5 9. Nd5 Be7 10. Bxf6 Bxf6 11. c4 b4 12. Nc2 O-O 13. g3 Be6 14. Bg2 a5 15. O-O
Rb8 16. b3 g6 17. Qd3 Bg7 18. Rfd1 Bxd5 19. Qxd5 Nd4 20. Nxd4 exd4 21. Rxd4 Bxd4
22. Qxd4 Qc7 23. Rd1 Rbd8 24. Qf6 Rfe8 25. Rd5 Re5 26. Rd2 Qe7 27. Qf4 Ra8 28.
Qe3 Re6 29. Qd3 Re8 30. h4 Qf6 31. Qd5 Qe5 32. f4 Qxd5 33. Rxd5 f5 34. Kf2 fxe4
35. Ke3 Ra8 36. Bh3 Re7 37. Rxd6 a4 38. Be6+ Kg7 39. c5 axb3 40. Bxb3 Ra5 41.
Rc6 Raa7 42. Rb6 Rad7 43. Bc4 Rd1 44. c6 Re1+ 45. Kd2 Rg1 46. Rb7 Kf6 47. Rxe7
Kxe7 48. Ke3 Kd6 49. Kxe4 Rxg3 50. Bg8 h6 51. Bf7 Kxc6 52. Ke5 Rg4 53. h5 gxh5
54. Bxh5 Rg1 55. Bf7 Kd7 56. Kf6 Kd6 57. f5 Kd7 58. Bb3 Ke8 59. Bf7+ Kf8 60. Bh5
Rh1 61. Bg6 Rh2 62. Bh7 Rxa2 63. Kg6 Rg2+ 64. Kxh6 b3 65. f6 Rh2+ 66. Kg5 Rxh7 0-1

[Event "chess.com SpeedChess Q2Sw"]
[Site "chess.com INT"]
[Date "2022.11.12"]
[Round "14"]
[White "Shuvalova, Polina"]
[Black "Veiga, Jose Francisco R P Neves"]
[Result "1-0"]
[WhiteTitle "IM"]
[BlackTitle "IM"]
[WhiteElo "2492"]
[BlackElo "2393"]
[WhiteFideId "24171760"]
[BlackFideId "1930087"]
[EventDate "2022.11.12"]

1. e4 Nc6 2. Nf3 d6 3. d4 g6 4. Nc3 Bg7 5. Be3 Nf6 6. Qd2 Ng4 7. Bg5 h6 8. Bh4
O-O 9. h3 Nf6 10. O-O-O a6 11. g4 b5 12. Bd3 Bb7 13. Kb1 e5 14. d5 Nd4 15. Nxd4
exd4 16. Ne2 c5 17. dxc6 Bxc6 18. Nxd4 Bb7 19. f4 Qb6 20. Bf2 Bxe4 21. Ne6 Qb7
22. Nxg7 Bxh1 23. Bd4 Kxg7 24. g5 Rfe8 25. Bxf6+ Kh7 26. Qf2 Be4 27. Bc3 Bxd3
28. cxd3 Qd5 29. a3 Re6 30. h4 Rae8 31. Qa7 Re3 32. Ka1 h5 33. Qd7 Kg8 34. f5
Qxf5 35. Qxd6 Qf3 36. Rd2 Re1+ 37. Ka2 R1e6 38. Qd4 Re5 39. Rc2 Qd5+ 40. Qxd5
Rxd5 41. Bf6 Rxd3 42. Rc6 Rh3 43. Rxa6 Rxh4 44. Rb6 Rg4 45. Rxb5 h4 46. Rb3 Rg3
47. Rb4 Rh3 48. a4 Rh1 49. a5 Ra8 50. Kb3 Rh3+ 51. Ka4 Rh1 52. Rc4 Kf8 53. b4
Ke8 54. Rd4 h3 55. Kb5 h2 56. Rh4 Kd7 57. a6 Ke6 58. Kb6 Rxa6+ 59. Kxa6 Rb1 60.
Rxh2 Rxb4 61. Re2+ Kf5 62. Re7 Kg4 63. Rxf7 Rd4 64. Rg7 Rd5 65. Rxg6 Kh5 66. Rg7
Kg4 67. Re7 Kf5 68. Kb6 Rd1 69. Kc6 Rd3 70. Rd7 Rc3+ 71. Bxc3 1-0